Most Goals Scored for EPL-Winning Teams Quiz Stats

Quiz Updated May 23, 2017

Challenge
Share
Tweet
Embed
Score 0/24 Timer 08:00
10 Plays Today
Goals Scored (Titles) Player Name % Correct
61 (5)Wayne Rooney
91.3%
54 (2)Thierry Henry
89.5%
71 (13)Ryan Giggs
88.5%
55 (4)Didier Drogba
86%
59 (11)Paul Scholes
84.4%
51 (3)Frank Lampard
83.5%
34 (1)Alan Shearer
82.8%
40 (2)Sergio Aguero
82.6%
66 (3)Cristiano Ronaldo
79.5%
63 (5)Andy Cole
77.4%
42 (6)David Beckham
73.2%
29 (3)Dennis Bergkamp
71.3%
Goals Scored (Titles) Player Name % Correct
46 (3)Dwight Yorke
69.6%
25 (1)Ruud van Nistelrooy
68.6%
26 (1)Robin van Persie
68.5%
24 (1)Jamie Vardy
64.6%
30 (2)Eden Hazard
57.5%
51 (4)Eric Cantona
55.5%
26 (2)Yaya Toure
52.9%
69 (6)Ole Gunnar Solskjaer
52%
40 (2)Diego Costa
49.1%
30 (2)Dimitar Berbatov
47.1%
30 (2)Edin Dzeko
46%
27 (2)Mark Hughes
28%

You're not logged in!

Compare scores with friends on all Sporcle quizzes.
Sign Up with Email
OR
Log In

You Might Also Like...

Show Comments

Extras

Top Quizzes Today


Score Distribution

Your Account Isn't Verified!

In order to create a playlist on Sporcle, you need to verify the email address you used during registration. Go to your Sporcle Settings to finish the process.